| 000 | 00489nam a2200181Ia 4500 | ||
|---|---|---|---|
| 005 | 20250326125156.0 | ||
| 008 | 250326s9999 xx 000 0 und d | ||
| 037 | _aTextbook | ||
| 040 |
_aFMSL _beng _cFMSL |
||
| 041 |
_aeng _2eng |
||
| 084 |
_aX(M98):8 L2 _qFMSL |
||
| 100 | _aBriston J H | ||
| 245 | 0 |
_aPackaging management _cBriston J H; Neill T J |
|
| 260 |
_aLondon _bLondon, Gower _c1972 |
||
| 300 | _a254p | ||
| 942 |
_cTB _hX(M98):8 L2 |
||
| 999 |
_c1276869 _d1276869 |
||